Informe del estado del medio ambiente 2016

Uloženo v:
Podrobná bibliografie
Korporativní autor: Ministerio del Medio Ambiente (Autor)
Médium: Kniha
Jazyk:španělština
Vydáno: Santiago Ministerio del Medio Ambiente 2016
Vydání:1a. ed
Témata:
Tagy: Přidat tag
Žádné tagy, Buďte první, kdo vytvoří štítek k tomuto záznamu!

MARC

LEADER 00000cam a2200000 a 4500
001 UCC0693
003 CL-VaPUC
008 170825e20161208cl |||||||||||||||||spa|d
020 |a 9789567204618 
082 0 4 |a 333.7  |b MIN  |2 21 
110 2 |a Ministerio del Medio Ambiente  |e author  |9 594693 
245 1 0 |a Informe del estado del medio ambiente 2016 
250 |a 1a. ed 
300 |a 553 p 
942 |c BK 
945 |d 20170825 13:52:00  |a arojas 
260 |a Santiago  |b Ministerio del Medio Ambiente  |c 2016 
650 0 |a Gestión ambiental   |9 338121 
650 0 |a Medio ambiente  |9 257625 
650 0 |a Protección del medio ambiente  |9 257626 
650 0 |a Informes  |9 334810 
583 |a last modification  |c 20170825 13:52:00  |k Rodrigo Vera 
999 |c 369447  |d 369445 
952 |0 0  |1 0  |3 erd  |4 0  |6 333_700000000000000_MIN_2016  |7 0  |8 A  |9 485255  |a BIBING  |b BIBING  |i 5418585  |o 333.7 MIN 2016  |p 5418585  |r 2025-01-20  |w 2019-11-24  |y BK  |z Catalogado en:20170825  |k GEO